000 00327nam a2200109Ia 4500
008 171211s9999 xx 000 0 und d
245 _aMännlichkeit leben: Die Stärkung des Maskulinen
245 _cBjörn Thorsten Leimbach
260 _c2009
650 _xSexuality
856 _uhttp://down.ebook777.com/058/9783831902859.pdf
999 _c350710
_d350710